Cases in strategic management / (Record no. 633)
[ view plain ]
| 000 -LEADER | |
|---|---|
| fixed length control field | 00725cam a22002292 4500 |
| 001 - CONTROL NUMBER | |
| control field | 0000006182 |
| 005 - DATE AND TIME OF LATEST TRANSACTION | |
| control field | 20151021151109.0 |
| 008 - FIXED-LENGTH DATA ELEMENTS--GENERAL INFORMATION | |
| fixed length control field | 070921s xx 000 0 eng d |
| 020 ## - INTERNATIONAL STANDARD BOOK NUMBER | |
| International Standard Book Number | 007231978X : |
| Terms of availability | KES 2,500 |
| 040 ## - CATALOGING SOURCE | |
| Original cataloging agency | KABU |
| Transcribing agency | KABU |
| 100 1# - MAIN ENTRY--PERSONAL NAME | |
| Personal name | Strickland, A. J. |
| -- | 0000157574 |
| 245 10 - TITLE STATEMENT | |
| Title | Cases in strategic management / |
| Statement of responsibility, etc. | A. J. Strickland, Arthur A. Thompson, John Gamble. |
| 250 ## - EDITION STATEMENT | |
| Edition statement | 12th ed. |
| 260 ## - PUBLICATION, DISTRIBUTION, ETC. (IMPRINT) | |
| Place of publication, distribution, etc. | Boston : |
| Name of publisher, distributor, etc. | McGraw-Hill, |
| Date of publication, distribution, etc. | 2001. |
| 300 ## - PHYSICAL DESCRIPTION | |
| Extent | xxiv, 615 p. |
| 650 #0 - SUBJECT ADDED ENTRY--TOPICAL TERM | |
| Topical term or geographic name as entry element | Strategic planning. |
| -- | 0000150576 |
| 700 1# - ADDED ENTRY--PERSONAL NAME | |
| Personal name | Thompson, Arthur A. |
| -- | 0000157575 |
| 700 1# - ADDED ENTRY--PERSONAL NAME | |
| Personal name | Gamble, John. |
| -- | 0000157576 |
| 908 ## - PUT COMMAND PARAMETER (RLIN) | |
| Put command parameter | 070921 |
| 950 ## - LOCAL HOLDINGS (RLIN) | |
| -- | 1 |
| Withdrawn status | Lost status | Source of classification or shelving scheme | Not for loan | Home library | Current library | Date acquired | Total Checkouts | Total Renewals | Full call number | Barcode | Date last seen | Date last checked out | Price effective from | Koha item type |
|---|---|---|---|---|---|---|---|---|---|---|---|---|---|---|
| Library of Congress Classification | Kabarak, Main Campus | Kabarak, Main Campus | 17/12/2015 | HD30.28 .S77 2001 | 009834 | 02/08/2024 | 17/12/2015 | General Collection | ||||||
| Library of Congress Classification | Kabarak, Nakuru City Campus | Kabarak, Nakuru City Campus | 21/10/2015 | 1 | 1 | HD30.28 .S77 2001 | 010690 | 31/08/2022 | 26/01/2016 | 21/10/2015 | General Collection |